Normal view
MARC view
Entry Topical Term
001 - CONTROL NUMBER
- control field: 726667
003 - CONTROL NUMBER IDENTIFIER
- control field: OSt
005 - DATE AND TIME OF LATEST TRANSACTION
- control field: 20241129105934.0
008 - FIXED-LENGTH DATA ELEMENTS
- fixed length control field: 241129|| aca||aabn | a|a d
040 ## - CATALOGING SOURCE
- Original cataloging agency: OSt
- Transcribing agency: OSt
150 ## - HEADING--TOPICAL TERM
- Topical term or geographic name entry element: German Fiction
670 ## - SOURCE DATA FOUND
- Source citation: Work cat.: (OSt)1226669: रोसोई, पीटर, ले., महानगर एक कोलाहल खण्ड खण्ड पाखण्ड वियना, 2022
